000 00300nam a22001217a 4500
008 170418b xxu||||| |||| 00| 0 eng d
041 _aeng
080 _a612.39
100 _a10
101 _aSHM
245 _aNUTRITIONAL BIOTECHNOLOGY IN THE FEED AND FOOD INDUSTRIES
_cLYONS, T.P
942 _2udc
_cBK
999 _c10913
_d10913